00469nam a2200145 i 4500001000400000100003100004245004200035260004300077300002100120650002200141040000800163041001300171008004100184856009800225bgj1 aGary, Romaind(1914-1980).10aLady L. :ba novel /cby Romain Gary. aNew York :bSimon and Schuster,c1959. a215 pp ;c22 cm. 9aFrench literature cBPK0 aenghfre s uk f |000 0 eng  uhttp://koha.tu.koszalin.pl/cgi-bin/koha/opac-detail.pl?biblionumber=48796yKatalog online BPK